1523 1021 1267 1460 1477 1143 1331 1557 1907 1753 1807 1948 1203 1666 1512 1588 1379 1343 1948 1055 1193 1171 1531 1262 1920 1391 1071 1636 1443 1186 1142 1992 1383 1167 1137 1755 1422 1855 1655 1391 1131 1301 1120 1477 1239 1519 1438 1902 1844 1152 1292 1311 1834 1668 1283 1063 1840 1618 1301 1524 1759 1922 1553 1017 1893 1378 1077 1900 1856 1400 1626 1554 1827 1426 1265 1668 1993 1220 1412 1943 1408 1491 1010 1397 1958 1005 1260 1049 1731 1214 1425 1019 1472 1964 1478 1189 1227 1373 1070 BCNSPRNW ULIB Ver.6.0+V

เปลี่ยนเป็นภาษาไทย

Change to English
 แสดงรายละเอียดบรรณานุกรม
  กลับหน้าหลัก

Brief Record : Get Marc (ISO 2709) : E-mail record : QR code < ปิดหน้าต่าง
LEADER : 00000nam 2200000uu 4500
001    13399121829
003     ULIB
008    121211s2552||||th 000 0 tha d
020    ^a9789741110735
060 04 ^aWP100^bส886
245 00 ^aสูตินรีเวชทันยุค =^bOB-GYN in practice 2009 /^cบรรณาธิการ,มงคล เบญจาภิบาล ... [และคนอื่นๆ]
246 31 ^aOB-GYN in practice 2009
250    ^aพิมพ์ครั้งที่ 1
260    ^aกรุงเทพฯ :^bภาควิชาสูติศาสตร์-นรีเวชวิทยาคณะแพทยศาสตร์ศิริราชพยาบาล มหาวิทยาลัยมหิดล,^c2552
300    ^axviii, 396 หน้า :^bภาพประกอบ ;^c26 ซม.
650  7 ^aนรีเวชวิทยา
650  7 ^aสูติศาสตร์
653    ^aผลงานอาจารย์คณะแพทยศาสตร์ศิริราชพยาบาล
700 0  ^aมงคล เบญจาภิบาล,^eบรรณาธิการ
710    ^aมหาวิทยาลัยมหิดล. ^bคณะแพทยศาสตร์ศิริราชพยาบาล.^bภาควิชาสูติศาสตร์-นรีเวชวิทยา
945    ^p320^l0^i15613
945    ^p320^l0^i15614
945    ^p320^l0^i15615
945    ^p320^l0^i15616
945    ^p320^l0^i15894
995    ^aทศพร
999    ^aทศพร เกษรทอง
รายการนี้ยังไม่มีแท็ก
คุณยังไม่ได้ล็อกอิน คุณสามารถมีกิจกรรมร่วมกับเว็บไซต์ได้ แต่ต้องล็อกอินก่อน ::
  ล็อกอิน

รายการสื่อสารสนเทศ

ลำดับที่ ประเภท เลขเรียก/บาร์โค้ด สถานที่ สถานะ
- ไม่พบข้อมูล -

รายการใกล้เคียง
    หัวเรื่อง [นรีเวชวิทยา]
    หัวเรื่อง [สูติศาสตร์]

BibComment


ยังไม่เคยถูกคอมเมนท์

คอมเมนท์ทรัพยากรรายการนี้
  คอมเมนท์: สูตินรีเวชทันยุค..


 Copyright 2026. Bcnsprnw @Library